00603 a2200181 450000100060000002000180000604000260002410000240005024000310007424500260010530000070013136200090013865000310014794200070017895201090018595201100029499900170040448419 a9788516102470 cAnchieta - Bela Vista aD´Aquino, Cássia10aDinheiro compra tudo?lpor10aDinheiro compra tudo? a590 a2016 4aLiteratura infanto-juvenil cBK 00104070a91.4b91.4d2023-11-21l0o028.5 D999d DAQ DINp366/BELr2023-11-21 17:39:48w2023-11-21yBK 00104070a12.22b12.22d2024-04-30l0o028.53 DAQ DINpEST00011619r2024-04-30 22:14:25w2024-04-30yBK c48419d48419